000 00884nam a2200229Ii 4500
003 JO-AjNU
008 230605s9999||||xx |||||||||||||| ||und||
017 _a1995/7219
020 _a977-5673-00-3
040 _aJO-AjNU
_bara
_erda
_cJO-AjNU
041 _aara
050 1 4 _aHJ 2011.J77 1995
100 3 _a جريسات، جميل,
_eauthor
_945212
245 0 0 _aموازنة الاداء بين النظرية والتطبيق
264 3 1 _aالقاهرة: المنظمة العربية للتنمية الادارية، 1995
300 _a132ص
_bيحتوي على ببلوغرافية من 129-132ص
336 _atext
_btxt
_2rdacontent
337 _aunmediated
_bn
_2rdamedia
338 _avolume
_bnc
_2rdacarrier
490 0 _aسلسلة بحوث ودراسات ؛ 336
650 4 _aالميزانية - المالية العامة - الادارة المالية
_945213
999 _aA19581
_c23149
_d23149